000 00627nam a22002057a 4500
003 OSt
005 20140310183043.0
008 130223t xxu||||| |||| 00| 0 eng d
020 _a978971725073
050 _aPL 6051
_b.Ag283 2009
082 _aFIL 808.0427
_b.Ag283 2009
245 _aSining ng komunikasyon (akademikong Filipino)
_cAguilar, Reynaldo L., Pagtuan, Zenaida M., Reyes, Normita I., Santos, Deogracia D. C.
260 _aManila
_bGrandbooks Publishing
_c2009
300 _a248 p.
_c23 cm.
521 _aCollege Students
526 _c1210L-1700L
541 _j1
562 _e1
942 _2lcc
_cBK
_kFIL
999 _c18560
_d18560